banner koha

Tolerance to salt stress in soursop seedlings under different methods of H2O2 application (Registro n. 86942)

MARC details
000 -LÍDER
fixed length control field 04249nab a2200337 i 4500
003 - CÓDIGO MARC DA AGÊNCIA CATALOGADORA
Campo de controle BR-BrBNA
005 - DATA E HORA DA ÚLTIMA ATUALIZAÇÃO
Campo de controle 20231204152858.0
008 - CAMPO DE TAMANHO FIXO
fixed length control field 231204b2021 bl.qr|pooa||| 00| 0 eng |
040 ## - FONTE DA CATALOGAÇÃO
Agência catalogadora BR-BrBNA
Idioma da catalogação eng
072 ## - CATEGORIA AGRIS
Código AGRIS H50
Código do objeto 1105
072 ## - CATEGORIA AGRIS
Código AGRIS F60
100 ## - ENTRADA PRINCIPAL - NOME PESSOAL
Nome pessoal Silva, André Alisson Rodrigues da
100 ## - ENTRADA PRINCIPAL - NOME PESSOAL
Nome pessoal Capitulino, Jessica Dayanne
100 ## - ENTRADA PRINCIPAL - NOME PESSOAL
Nome pessoal Lima, Geovani Soares de
100 ## - ENTRADA PRINCIPAL - NOME PESSOAL
Nome pessoal Azevedo, Carlos Alberto Vieira de
100 ## - ENTRADA PRINCIPAL - NOME PESSOAL
Nome pessoal Veloso, Luana Lucas de Sá Almeida
245 ## - TÍTULO PRINCIPAL
Título principal Tolerance to salt stress in soursop seedlings under different methods of H2O2 application
500 ## - NOTA GERAL
Nota geral <br/>Publicação on-line; 28 ref.; 4 illus.; 3 tables; Summaries (En, Pt)
942 ## - ADDED ENTRY ELEMENTS (KOHA)
Koha item type
520 ## - NOTA DE RESUMO
Nota de conteúdo <br/><br/>ABSTRACT - The aim of this study was to evaluate the effect of different methods of hydrogen peroxide application on<br/>biomass production and quality in soursop seedlings under salt stress. The study was conducted in a greenhouse, in a Psammitic<br/>Regolithic Neosol of a sandy-loam texture. The treatments were distributed in a completely randomised design, in a 5 x 4<br/>factorial scheme, with fi ve levels of electrical conductivity for the irrigation water - ECw (0.6, 1.2, 1.8, 2.4 and 3.0 dS m-1)<br/>and four methods of hydrogen peroxide application (Control, application by soaking the seeds, application by spraying,<br/>and application by soaking and spraying), with two plants per plot and four replications. From 0.6 dS m-1, the salinity of the<br/>irrigation water inhibited dry matter production and altered the leaf morpho-physiological index of the soursop seedlings 145<br/>days after sowing. The method of hydrogen peroxide application by soaking the seeds minimised the effect of salt stress<br/>on root dry matter production and the quality of the soursop seedlings, and increased leaf succulence, standing out as a<br/>tolerance mechanism to salt stress. The application of hydrogen peroxide by soaking the seeds favoured an increase in<br/>the root to shoot ratio in soursop exposed to salinity of the irrigation water.<br/><br/><br/>Key words: Annona Muricata L. Saline water. Hydrogen peroxide.
520 ## - NOTA DE RESUMO
Nota de conteúdo <br/><br/>RESUMO - Objetivou-se com o presente trabalho, avaliar o efeito de diferentes métodos de aplicação de peróxido de<br/>hidrogênio sobre a produção de biomassa e qualidade de mudas de gravioleira sob estresse salino. O estudo foi conduzido<br/>em casa de vegetação, utilizando-se de um Neossolo Regolítico Psamitico de textura franco-arenosa. Os tratamentos foram<br/>distribuídos em delineamento inteiramente casualizados, em arranjo fatorial 5 x 4, sendo cinco níveis de condutividade<br/>elétrica da água de irrigação – CEa (0,6; 1,2; 1,8; 2,4 e 3,0 dS m-1) e quatro métodos de aplicação de peróxido de hidrogênio –<br/>(Testemunha; aplicação por embebição das sementes; aplicação por pulverização e aplicação por embebição e pulverização),<br/>com duas plantas por parcela e quatro repetições. A salinidade da água de irrigação a partir de 0,6 dS m-1 inibiu a produção de<br/>biomassa seca e altera os índices morfofi siológicos foliares de mudas de gravioleira, aos 145 dias após o semeio; O método<br/>de aplicação de peróxido de hidrogênio por embebição das sementes minimizou o efeito do estresse salino sobre a produção<br/>de biomassa seca radicular e na qualidade das mudas de gravioleira e aumentou da suculência foliar, destacando-se como<br/>mecanismo de tolerância ao estresse salino; A aplicação de peróxido de hidrogênio por embebição das sementes favoreceu<br/>o aumento da relação raiz/parte aérea da gravioleira quando exposta a salinidade da água de irrigação.<br/><br/><br/>Palavras-chave: Annona Muricata L. Águas salinas. Peróxido de hidrogênio.
650 ## - ASSUNTO - THESAGRO
Cabeçalho tópico ou nome geográfico GRAVIOLA
650 ## - ASSUNTO - THESAGRO
Cabeçalho tópico ou nome geográfico FRUTA TROPICAL
650 ## - ASSUNTO - THESAGRO
Cabeçalho tópico ou nome geográfico ÁGUA SALINA
650 ## - ASSUNTO - THESAGRO
Cabeçalho tópico ou nome geográfico STRESS
650 ## - ASSUNTO - THESAGRO
Cabeçalho tópico ou nome geográfico BIOMASSA
650 ## - ASSUNTO - THESAGRO
Cabeçalho tópico ou nome geográfico BIOQUÍMICA
773 0# - ENTRADA ANALÍTICA
Host Biblionumber 4290
Registro do item 102271
Imprenta Fortaleza-CE Universidade Federal do Ceará. Centro de Ciências Agrárias 2002
Outro identificador 2023-436724
Título Revista Ciência Agronômica (Brazil)
ISSN 0045-6888; 1806-6690 (on-line)
Colação v. 52(3) p. 1-9; (2021)
Número de controle de registro BR2023002122
856 ## - ACESSO E ENDEREÇO ELETRÔNICO
Identificador uniforme de recurso - URI https://www.scielo.br/j/rca/a/v5fRDDFTcdm8cG7NwL5bx7Q/?format=pdf&lang=en

Nenhum exemplar disponível.

BINAGRI

Telefone: (61)3218-2567/2388/3357/2097 - binagri@agro.gov.br

Ministério da Agricultura e Pecuária , Esplanada dos Ministérios, Bloco D, Anexo B, Brasília/DF, CEP: 70.043-900